000 00723nam a2200289Ia 4500
005 20260324130306.0
008 008 260324s9999 xx 000 0 eng d
020 _a9780203938263
037 _aEBOOK
040 _aCRL
040 _beng
040 _cCRL
041 _2eng
041 _aeng
084 _qCRL
100 _aJames Mallinson
_91181220
245 4 _aThe Khecarividya of Adinatha
245 2 _bA Critical Edition and Annotated Translation of an Early Text of Hathayoga
260 _bTaylor and Francis
260 _c2007
365 _a
365 _b280
856 _uhttp://www.taylorfrancis.com/books/9780203938263
942 _cEBOOK
999 _c1777267
_d1777267